00513nam a22001577a 450000500170000001000150001702000260003203500140005803700130007208200140008510000230009924500940012226000350021627000690025130000350032020230413101859.0 aENG-119617 a9789386288240c600.00 aEN-103149 bDBAD/PUB a352.63092 aGhosh, Samir Kumar aThose were the days, my friend :cBy Samir Kumar GhoshbReminiscences of a civil servant/ aNew DelhibKW Publishersc2017 a4672/21, First Floor, Ansari Road, Darya GanjbNew Delhie110002 axxix,125p. :c23cm (pbk)bill.